000 00616nam a2200181Ia 4500
008 100920s9999 xx 000 0 und d
082 _b104508
_a28 व 891,43 न 08
100 _aइन्दुरख्या सौरभ.
245 _aऋतुओं की बहस.
260 _bपराग पब्लिकेशन,जबलपूर.
_c2008
300 _a16
_bसाधी
365 _b20
520 _aबा.वि.हिंदी.
630 _aऋतुओं की बहस.
650 _aबा.वि.हिंदी.
730 _aऋतुओं की बहस.
942 _cBOOK
999 _c744940
_d744937